The Comparative Study Of The Efficacy Of Ziehl Neelsen Staining Auramine Staining And Gene Xpert ( CBNAAT) for the Daignosis of Pulmonary Tuberculosis (Record no. 26460)
[ view plain ]
| 000 -LEADER | |
|---|---|
| fixed length control field | 00438nam a22001457a 4500 |
| 003 - CONTROL NUMBER IDENTIFIER | |
| control field | SGT |
| 082 ## - DEWEY DECIMAL CLASSIFICATION NUMBER | |
| Classification number | 616.01 |
| Item number | T22S |
| 100 ## - MAIN ENTRY--PERSONAL NAME | |
| Personal name | SHARMA, MONIKA |
| 245 ## - TITLE STATEMENT | |
| Title | The Comparative Study Of The Efficacy Of Ziehl Neelsen Staining Auramine Staining And Gene Xpert ( CBNAAT) for the Daignosis of Pulmonary Tuberculosis |
| 260 ## - PUBLICATION, DISTRIBUTION, ETC. (IMPRINT) | |
| Place of publication, distribution, etc | GURUGRAM |
| Name of publisher, distributor, etc | SGT UNIVERSITY |
| Year of Publication | 2022 |
| 300 ## - PAGE DESCRIPTION | |
| No. of Pages | 215 |
| 650 ## - SUBJECT ADDED ENTRY--TOPICAL TERM | |
| Topical term or geographic name as entry element | MICROBIOLOGY |
| 653 ## - KEYWORDS--INDEX TERM | |
| Keyword term | PHD |
| 942 ## - ADDED ENTRY ELEMENTS (KOHA) | |
| Source of classification or shelving scheme | Dewey Decimal Classification |
| Koha item type | Thesis/Dissertation |
| Withdrawn status | Lost status | Source of classification or shelving scheme | Damaged status | Not for loan | Collection code | Home library | Current library | Shelving location | Date acquired | Total Checkouts | Full call number | Accession No. (Barcode) | Date last seen | Bill Date | Koha item type | Use restrictions |
|---|---|---|---|---|---|---|---|---|---|---|---|---|---|---|---|---|
| Dewey Decimal Classification | Not For Loan | MEDICAL | SGT Medical Library | SGT Medical Library | Reference Book | 17/06/2024 | 616.01 T22S | DT1609 | 17/06/2024 | 17/06/2024 | Thesis/Dissertation | |||||
| Dewey Decimal Classification | Not For Loan | MEDICAL | SGT Medical Library | SGT Medical Library | Reference Book | 17/06/2024 | 616.01 T22S | DT1610 | 17/06/2024 | 17/06/2024 | Thesis/Dissertation | |||||
| Dewey Decimal Classification | Not For Loan | MEDICAL | SGT Medical Library | SGT Medical Library | Reference Book | 20/06/2024 | 616.01 T22S | DT1697 | 20/06/2024 | 20/06/2024 | Thesis/Dissertation | Restricted Access |